000 00670nam a22002177a 4500
005 20251108173252.0
008 250721s2006 xx 000 0 ara d
020 _a9957002449
082 1 4 _a292.07/ ماج
100 1 _aالماجدي، خزعل
245 1 0 _aالمعتقدات الرومانية /
264 1 _aعمان :
_bدار الشروق للنشر والتوزيع،
_c2006.
300 _a392ص.
490 0 _aالتراث الروحي للإنسان
_v8
650 1 7 _aالديانات القديمة
650 1 7 _aالرومانيون
650 1 7 _aالخرافة
650 1 7 _aالسحر و التنجيم
942 _2ddc
_cBK
999 _c99984
_d99984